2017 NFL Draft - Statistics

General Stats
  • This quiz has been taken 88 times
  • The average score is 45 of 253
Answer Stats
Rnd. Pick No. NFL team Player Pos. College % Correct
1 1 Cleveland Browns Myles Garrett DE Texas A&M
100%
1 2 Chicago Bears Mitchell Trubisky QB North Carolina
91%
1 10 Kansas City Chiefs Patrick Mahomes QB Texas Tech
91%
1 8 Carolina Panthers Christian McCaffrey RB Stanford
88%
1 12 Houston Texans Deshaun Watson QB Clemson
87%
1 4 Jacksonville Jaguars Leonard Fournette RB LSU
81%
1 11 New Orleans Saints Marshon Lattimore CB Ohio State
81%
1 6 New York Jets Jamal Adams S LSU
79%
1 7 Los Angeles Chargers Mike Williams WR Clemson
79%
1 5 Tennessee Titans Corey Davis WR Western Michigan
76%
3 98 Arizona Cardinals Chad Williams WR Grambling State
73%
1 29 Cleveland Browns David Njoku TE Miami (FL)
73%
4 134 Green Bay Packers Jamaal Williams RB BYU
73%
4 121 San Francisco 49ers Joe Williams RB Utah
73%
7 248 Pittsburgh Steelers Keion Adams DE Western Michigan
73%
2 42 New Orleans Saints Marcus Williams S Utah
73%
7 240 JacksonvilleJaguars Marquez Williams FB Miami (FL)
73%
3 93 Green Bay Packers Montravius Adams DT Auburn
73%
5 170 Minnesota Vikings Rodney Adams WR South Florida
73%
3 78 Baltimore Ravens Tim Williams LB Alabama
73%
5 173 Pittsburgh Steelers Brian Allen CB Utah
72%
1 17 Washington Redskins Jonathan Allen DE Alabama
72%
1 16 Baltimore Ravens Marlon Humphrey CB Alabama
71%
1 27 Buffalo Bills Tre'Davious White CB LSU
71%
1 21 Detroit Lions Jarrad Davis LB Florida
69%
6 216 Dallas Cowboys Marquez White CB Florida State
69%
6 209 Washington Redskins Robert Davis WR Georgia State
69%
1 9 Cincinnati Bengals John Ross WR Washington
68%
1 30 Pittsburgh Steelers T. J. Watt LB Wisconsin
67%
1 23 New York Giants Evan Engram TE Ole Miss
65%
1 3 San Francisco 49ers Solomon Thomas DE Stanford
61%
1 19 Tampa Bay Buccaneers O. J. Howard TE Alabama
57%
2 62 Pittsburgh Steelers JuJu Smith-Schuster WR USC
48%
1 18 Tennessee Titans Adoree' Jackson CB USC
45%
1 20 Denver Broncos Garett Bolles OT Utah
45%
1 13 Arizona Cardinals Haason Reddick LB Temple
45%
4 112 Chicago Bears Eddie Jackson S Alabama
44%
3 100 Tennessee Titans Jonnu Smith TE FIU
44%
1 15 Indianapolis Colts Malik Hooker S Ohio State
44%
1 25 Cleveland Browns Jabrill Peppers S Michigan
40%
5 182 Green Bay Packers Aaron Jones RB UTEP
39%
2 41 Minnesota Vikings Dalvin Cook RB Florida State
39%
2 36 Arizona Cardinals Budda Baker S Washington
37%
6 204 New York Jets Derrick Jones CB Ole Miss
37%
6 198 San Francisco 49ers D. J. Jones DT Ole Miss
37%
2 61 Green Bay Packers Josh Jones S NC State
37%
3 102 Seattle Seahawks Nazair Jones DT North Carolina
37%
2 43 Philadelphia Eagles Sidney Jones CB Washington
37%
2 37 Buffalo Bills Zay Jones WR East Carolina
37%
3 67 New Orleans Saints Alvin Kamara RB Tennessee
36%
2 48 Cincinnati Bengals Joe Mixon RB Oklahoma
36%
3 69 Los Angeles Rams Cooper Kupp WR Eastern Washington
33%
1 31 San Francisco 49ers Reuben Foster LB Alabama
33%
1 32 New Orleans Saints Ryan Ramczyk OT Wisconsin
33%
3 84 Tampa Bay Buccaneers Chris Godwin WR Penn State
32%
5 146 San Francisco 49ers George Kittle TE Iowa
32%
3 86 Kansas City Chiefs Kareem Hunt RB Toledo
32%
1 14 Philadelphia Eagles Derek Barnett DE Tennessee
31%
1 28 Dallas Cowboys Taco Charlton DE Michigan
29%
3 105 Pittsburgh Steelers James Conner RB Pittsburgh
28%
5 148 Jacksonville Jaguars Blair Brown LB Ohio
27%
5 155 Tennessee Titans Jayon Brown LB UCLA
27%
7 239 Dallas Cowboys Noah Brown WR Ohio State
27%
4 143 Indianapolis Colts Marlon Mack RB South Florida
25%
3 90 Seattle Seahawks Shaquill Griffin CB UCF
25%
3 96 Detroit Lions Kenny Golladay WR Northern Illinois
24%
2 52 Cleveland Browns DeShone Kizer QB Notre Dame
23%
4 115 Arizona Cardinals Dorian Johnson OG Pittsburgh
23%
4 109 Minnesota Vikings Jaleel Johnson DT Iowa
23%
3 91 Los Angeles Rams John Johnson S Boston College
23%
5 160 Cleveland Browns Roderick Johnson OT Florida State
23%
1 26 Atlanta Falcons Takkarist McKinley DE UCLA
23%
4 119 Chicago Bears Tarik Cohen RB North Carolina A&T
21%
5 163 Buffalo Bills Matt Milano LB Boston College
20%
2 63 Buffalo Bills Dion Dawkins OG Temple
16%
2 34 Jacksonville Jaguars Cam Robinson OT Alabama
15%
2 40 Carolina Panthers Curtis Samuel WR Ohio State
15%
1 24 Oakland Raiders Gareon Conley CB Ohio State
15%
2 39 New York Jets Marcus Maye S Florida
15%
1 22 Miami Dolphins Charles Harris DE Missouri
13%
7 253 Denver Broncos Chad Kelly QB Ole Miss
12%
3 104 San Francisco 49ers C. J. Beathard QB Iowa
12%
3 87 New York Giants Davis Webb QB California
12%
5 151 Los Angeles Chargers Desmond King CB Iowa
12%
4 135 Pittsburgh Steelers Joshua Dobbs QB Tennessee
12%
2 33 Green Bay Packers Kevin King CB Washington
12%
3 76 New Orleans Saints Alex Anzalone LB Florida
11%
2 44 Los Angeles Rams Gerald Everett TE South Alabama
11%
5 145 Denver Broncos Jake Butt TE Michigan
11%
6 207 Cincinnati Bengals Brandon Wilson CB Houston
9%
2 55 New York Giants Dalvin Tomlinson DT Alabama
9%
7 226 Seattle Seahawks David Moore WR East Central
9%
2 38 Los Angeles Chargers Forrest Lamp OG Western Kentucky
9%
4 126 Cleveland Browns Howard Wilson CB Houston
9%
2 46 Indianapolis Colts Quincy Wilson CB Florida
9%
2 60 Dallas Cowboys Chidobe Awuzie CB Colorado
8%
5 153 Cincinnati Bengals Jake Elliott K Memphis
8%
6 193 Cincinnati Bengals Jordan Evans LB Oklahoma
8%
2 50 Tampa Bay Buccaneers Justin Evans S Texas A&M
8%
5 171 Buffalo Bills Nathan Peterman QB Pittsburgh
8%
2 53 Detroit Lions Teez Tabor CB Florida
8%
3 103 New Orleans Saints Trey Hendrickson LB Florida Atlantic
8%
5 165 Detroit Lions Jamal Agnew CB San Diego
7%
3 92 Dallas Cowboys Jourdan Lewis CB Michigan
7%
7 243 Houston Texans Kyle Fuller C Baylor
7%
2 56 Oakland Raiders Obi Melifonwu S UConn
7%
4 114 Washington Redskins Samaje Perine RB Oklahoma
7%
3 72 Tennessee Titans Taywan Taylor WR Western Kentucky
7%
5 177 San Francisco 49ers Trent Taylor WR Louisiana Tech
7%
6 194 Miami Dolphins Vincent Taylor DT Oklahoma State
7%
4 140 New York Giants Wayne Gallman RB Clemson
7%
2 57 Houston Texans Zach Cunningham LB Vanderbilt
7%
5 161 Indianapolis Colts Anthony Walker Jr. LB Northwestern
5%
3 82 Denver Broncos Carlos Henderson WR Louisiana Tech
5%
6 203 Denver Broncos De'Angelo Henderson RB Coastal Carolina
5%
4 110 Jacksonville Jaguars Dede Westbrook WR Oklahoma
5%
2 51 Denver Broncos DeMarcus Walker DE Florida State
5%
3 83 New England Patriots Derek Rivers DE Youngstown State
5%
3 89 Houston Texans D'Onta Foreman RB Texas
5%
7 232 Minnesota Vikings Elijah Lee LB Kansas State
5%
4 117 Los Angeles Rams Josh Reynolds WR Texas A&M
5%
5 168 Oakland Raiders Marquel Lee LB Wake Forest
5%
3 99 Philadelphia Eagles Rasul Douglas CB West Virginia
5%
2 47 Baltimore Ravens Tyus Bowser LB Houston
5%
6 191 Dallas Cowboys Xavier Woods S Louisiana Tech
5%
2 45 Chicago Bears Adam Shaheen TE Ashland
4%
3 66 San Francisco 49ers Ahkello Witherspoon CB Colorado
4%
3 79 New York Jets ArDarius Stewart WR Alabama
4%
5 167 New York Giants Avery Moss DE Youngstown State
4%
5 156 Atlanta Falcons Brian Hill RB Wyoming
4%
4 116 Cincinnati Bengals Carl Lawson DE Auburn
4%
4 142 Houston Texans Carlos Watkins DT Clemson
4%
7 249 Seattle Seahawks Chris Carson RB Oklahoma State
4%
6 211 New England Patriots Conor McDermott OT UCLA
4%
3 97 Miami Dolphins Cordrea Tankersley CB Clemson
4%
3 68 Jacksonville Jaguars Dawuane Smoot DE Illinois
4%
4 131 New England Patriots Deatrich Wise Jr. DE Arkansas
4%
4 132 Philadelphia Eagles Donnel Pumphrey RB San Diego State
4%
7 234 Los Angeles Rams Ejuan Price LB Pittsburgh
4%
3 81 Washington Redskins Fabian Moreau CB UCLA
4%
4 144 Indianapolis Colts Grover Stewart DT Albany State
4%
7 233 Carolina Panthers Harrison Butker K Georgia Tech
4%
3 95 Seattle Seahawks Lano Hill S Michigan
4%
2 35 Seattle Seahawks Malik McDowell DT Michigan State
4%
5 184 Philadelphia Eagles Nathan Gerry S Nebraska
4%
2 54 Miami Dolphins Raekwon McMillan LB Ohio State
4%
4 138 Cincinnati Bengals Ryan Glasgow DT Michigan
4%
4 133 Dallas Cowboys Ryan Switzer WR North Carolina
4%
2 64 Carolina Panthers Taylor Moton OG Western Michigan
4%
7 224 Cleveland Browns Zane Gonzalez K Arizona State
4%
6 196 New Orleans Saints Al-Quadin Muhammad DE Miami (FL)
3%
6 215 Detroit Lions Brad Kaaya QB Miami (FL)
3%
4 141 New York Jets Chad Hansen WR California
3%
6 199 Washington Redskins Chase Roullier C Wyoming
3%
6 186 Baltimore Ravens Chuck Clark S Virginia Tech
3%
5 152 Carolina Panthers Corn Elder CB Miami (FL)
3%
5 149 Atlanta Falcons Damontae Kazee CB San Diego State
3%
3 71 Los Angeles Chargers Dan Feeney OG Indiana
3%
4 129 Oakland Raiders David Sharpe OT Florida
3%
5 178 Miami Dolphins Davon Godchaux DT LSU
3%
7 238 Green Bay Packers Devante Mays RB Utah State
3%
3 75 Atlanta Falcons Duke Riley LB LSU
3%
2 58 Seattle Seahawks Ethan Pocic C LSU
3%
5 164 Miami Dolphins Isaac Asiata OG Utah
3%
5 172 Denver Broncos Isaiah McKenzie WR Georgia
3%
4 124 Detroit Lions Jalen Reeves-Maybin LB Tennessee
3%
6 197 New York Jets Jeremy Clark CB Michigan
3%
7 228 Dallas Cowboys Joey Ivie DT Florida
3%
5 150 New York Jets Jordan Leggett TE Clemson
3%
6 210 Seattle Seahawks Justin Senior OT Mississippi State
3%
7 241 Tennessee Titans Khalfani Muhammad RB California
3%
3 65 Cleveland Browns Larry Ogunjobi DT Charlotte
3%
4 118 Philadelphia Eagles Mack Hollins WR North Carolina
3%
7 247 Green Bay Packers Malachi Dupre WR LSU
3%
4 127 Detroit Lions Michael Roberts TE Toledo
3%
3 70 Minnesota Vikings Pat Elflein C Ohio State
3%
4 125 Los Angeles Rams Samson Ebukam LB Eastern Washington
3%
5 166 Philadelphia Eagles Shelton Gibson WR West Virginia
3%
4 108 Green Bay Packers Vince Biegel LB Wisconsin
3%
4 137 Indianapolis Colts Zach Banner OG USC
3%
7 229 San Francisco 49ers Adrian Colbert CB Miami (FL)
1%
6 192 Carolina Panthers Alexander Armah FB West Georgia
1%
3 106 Seattle Seahawks Amara Darboh WR Michigan
1%
3 85 New England Patriots Antonio Garcia OT Troy
1%
7 236 Tennessee Titans Brad Seaton OT Villanova
1%
6 201 Minnesota Vikings Bucky Hodges TE Virginia Tech
1%
6 185 Cleveland Browns Caleb Brantley DT Florida
1%
3 94 Pittsburgh Steelers Cameron Sutton CB Tennessee
1%
3 74 Baltimore Ravens Chris Wormley DE Michigan
1%
6 213 Pittsburgh Steelers Colin Holba LS Louisville
1%
6 217 Tennessee Titans Corey Levin OG Chattanooga
1%
3 77 Carolina Panthers Daeshon Hall DE Texas A&M
1%
5 180 Minnesota Vikings Danny Isidora OG Miami (FL)
1%
5 175 Green Bay Packers DeAngelo Yancey WR Purdue
1%
3 88 Oakland Raiders Eddie Vanderdoes DT UCLA
1%
7 242 Oakland Raiders Elijah Hood RB North Carolina
1%
6 188 New York Jets Elijah McGuire RB Louisiana–Lafayette
1%
6 214 Philadelphia Eagles Elijah Qualls DT Washington
1%
5 174 Atlanta Falcons Eric Saubert TE Drake
1%
7 220 Minnesota Vikings Ifeadi Odenigbo DE Northwestern
1%
7 225 Los Angeles Chargers Isaac Rochell DE Notre Dame
1%
7 237 Miami Dolphins Isaiah Ford WR Virginia Tech
1%
7 245 Minnesota Vikings Jack Tocho CB NC State
1%
7 222 Jacksonville Jaguars Jalen Myrick CB Minnesota
1%
4 139 Kansas City Chiefs Jehu Chesson WR Michigan
1%
6 205 Detroit Lions Jeremiah Ledbetter DE Arkansas
1%
5 162 Tampa Bay Buccaneers Jeremy McNichols RB Boise State
1%
5 154 Washington Redskins Jeremy Sprinkle TE Arkansas
1%
7 246 Dallas Cowboys Jordan Carrell DT Colorado
1%
5 147 Chicago Bears Jordan Morgan OG Kutztown
1%
3 73 Cincinnati Bengals Jordan Willis DE Kansas State
1%
7 227 Tennessee Titans Josh Carraway LB TCU
1%
4 128 Cincinnati Bengals Josh Malone WR Tennessee
1%
4 130 Houston Texans Julién Davenport OT Bucknell
1%
7 231 Oakland Raiders Jylan Ware OT Alabama State
1%
6 212 Green Bay Packers Kofi Amichia OT South Florida
1%
6 218 Kansas City Chiefs Leon McQuay S USC
1%
7 251 Cincinnati Bengals Mason Schreck TE Buffalo
1%
7 252 Cleveland Browns Matthew Dayes RB NC State
1%
6 187 Seattle Seahawks Mike Tyson S Cincinnati
1%
5 158 Indianapolis Colts Nate Hairston CB Temple
1%
4 122 Baltimore Ravens Nico Siragusa OG San Diego State
1%
7 250 Detroit Lions Pat O'Connor DE Eastern Michigan
1%
4 113 Los Angeles Chargers Rayshawn Jenkins S Miami (FL)
1%
6 208 Arizona Cardinals Rudy Ford S Auburn
1%
2 49 Washington Redskins Ryan Anderson LB Alabama
1%
6 206 Los Angeles Rams Sam Rogers FB Virginia Tech
1%
6 190 Los Angeles Chargers Sam Tevi OT Utah
1%
4 136 Atlanta Falcons Sean Harlow C Oregon State
1%
7 221 Oakland Raiders Shalom Luani S Washington State
1%
7 219 Minnesota Vikings Stacy Coley WR Miami (FL)
1%
6 195 Buffalo Bills Tanner Vallejo LB Boise State
1%
2 59 Kansas City Chiefs Tanoh Kpassagnon DE Villanova
1%
6 189 Los Angeles Rams Tanzel Smart DT Tulane
1%
3 80 Indianapolis Colts Tarell Basham DE Ohio
1%
4 111 Seattle Seahawks Tedric Thompson S Colorado
1%
7 244 Oakland Raiders Treyvon Hester DT Toledo
1%
5 157 Arizona Cardinals Will Holden OT Vanderbilt
1%
6 200 New York Giants Adam Bisnowaty OT Pittsburgh
0%
4 120 Minnesota Vikings Ben Gedeon LB Michigan
0%
3 101 Denver Broncos Brendan Langley CB Lamar
0%
5 181 New York Jets Dylan Donahue DE West Georgia
0%
5 159 Baltimore Ravens Jermaine Eluemunor OT Texas A&M
0%
5 176 Cincinnati Bengals J. J. Dielman C Utah
0%
7 230 Washington Redskins Josh Harvey-Clemons S Louisville
0%
7 235 Washington Redskins Joshua Holsey CB Auburn
0%
3 107 Tampa BayBuccaneers Kendell Beckwith LB LSU
0%
4 123 Washington Redskins Montae Nicholson S Michigan State
0%
6 202 San Francisco 49ers Pita Taumoepenu DE Utah
0%
7 223 Tampa Bay Buccaneers Stevie Tu'ikolovatu DT USC
0%
5 179 Arizona Cardinals T. J. Logan RB North Carolina
0%
5 169 Houston Texans Treston Decoud CB Oregon State
0%
5 183 Kansas City Chiefs Ukeme Eligwe LB Georgia Southern
0%
No matching quizzes found
Score Distribution
Percent of People with Each Score
Percentile by Number Answered
Your Score History
You have not taken this quiz